000 00502nam a2200181Ia 4500
001 16832
005 20260306170340.0
008 260306t2017||||xx |||||||||||||| ||und||
041 _aESP
082 _a657.0076
_bA32
100 _aAguilar Espinoza, Henry
_eAUT
245 0 _aContabilidad empresarial:
_b200 casos prácticos, enfoque tributario y contable conforme a las NIIF
260 _c2017
300 _a590 páginas :
_c25 cm.
650 _aGEN
654 _aCCO
942 _cLIB
_dJUS
_fJUS
_2ddc
_n
999 _c16832
_d16832